| 000 | 00529nam a2200169 a 4500 | ||
|---|---|---|---|
| 001 | 000031521 | ||
| 005 | 20200930063004.0 | ||
| 008 | 110627nuuuuuuuudr 000 p spa d | ||
| 040 |
_aDO-SdBNP _bspa _cBNPHU |
||
| 082 |
_axxx _bR696v |
||
| 100 | 1 |
_aRodríguez Grullón, Magno, _d1946- _957895 |
|
| 245 | 1 | 3 |
_aEl vértice del vocablo / _cMagno Rodríguez Grullón. |
| 260 |
_aSanto Domingo : _b[s.n.], _c[s.f.]. |
||
| 300 |
_a42 p. ; _c17 cm. |
||
| 500 | _aIncluye datos biográficos del autor en la contracubierta. | ||
| 049 | _aBNPD | ||
| 999 |
_c31013 _d31013 |
||